| 000 | 00867cam a2200277 i 4500 | ||
|---|---|---|---|
| 001 | 24715 | ||
| 003 | BD-RjUL | ||
| 005 | 20211209001105.0 | ||
| 008 | 140315t19801976nyub b 001 0 eng | ||
| 020 | _a0801492076 (pbk.) | ||
| 035 | _a(BD-RjUL)24784 | ||
| 040 |
_aDLC _cDLC _dDLC _beng |
||
| 041 | _aeng | ||
| 082 | 0 | 0 |
_a940.28 _219 _bGRE 1980 |
| 100 | 1 |
_aGrenville, J. A. S. _q(John Ashley Soames), _d1928- _976073 |
|
| 245 | 1 | 0 |
_aEurope reshaped, 1848-1878 / _cJ. A. S. Grenville. |
| 260 |
_aIthaca, N.Y. : _bCornell University Press, _c1980, c1976. |
||
| 300 |
_a412 p. : _bmaps ; _c18 cm. |
||
| 490 | 0 | _aHistory of Europe | |
| 504 | _aIncludes index. | ||
| 651 | 0 |
_aEurope _xPolitics and government _y1848-1871. _976074 |
|
| 651 | 0 |
_aEurope _xPolitics and government _y1871-1918. _972534 |
|
| 942 |
_2ddc _cBK |
||
| 999 |
_c24715 _d24715 |
||